000 00967nam0a2200301 4500
001 RU\NLR\bibl\75847
005 20260406121250.0
010 _a5-04-000410-9
_910000
021 _aRU
_b1998-46857
_92255
035 _a(NLR Aleph) 000074027
090 _a409538
_c409538
100 _a20000320d1998 |||y0rusy50 ca
101 0 _arus
102 _aRU
105 _ay |||||||||
200 1 _aСветлый лик смерти
_e[Роман]
_fАлександра Маринина
210 _aМ.
_cЭКСМО-Пресс
_d1998
215 _a396, [1] с.
_d21
225 1 _aДетектив глазами женщины
686 _aШ6(2=Р)75-446
700 1 _4070
_8rus
_7ca
_aМаринина
_bА. Б.
_gАлександра Борисовна
_f1957-
_3RU\NLR\auth\77515
_9110564
801 0 _aRU
_bNLR
_c20000320
_gPSBO
801 1 _aRU
_bNLR
_c20000320
852 _aNLR
_j99-3/20670
942 _cBOOK
980 _aNB